Jakiego Miasta Wstydzą Się Mieszkańcy Krajów Europejskich - Statystyki

Ogólne statystyki
  • Ten quiz został rozwiązany 480 razy
    472 od ostatniego zresetowania
  • Średni wynik to 4 z 31
Statystyki odpowiedzi
Lokalizacja Miasto % Poprawnych
Polska Sosnowiec
77%
Polska Radom
70%
Polska Białystok
48%
Polska Bydgoszcz
48%
Włochy Neapol
23%
Hiszpania Madryt
18%
Francja Marsylia
17%
Szwecja Malmo
16%
Portugalia Lizbona
15%
Grecja Ateny
14%
Słowacja Bratysława
10%
Chorwacja Split
9%
Dania Aarhus
8%
Węgry Debreczyn
4%
Słowenia Maribor
4%
Estonia Narwa
4%
Belgia Charleroi
2%
Ukraina Chersoń
2%
Islandia Egisstaõir
2%
Irlandia Dundalk
1%
Norwegia Førde
1%
Wielka Brytania Slough
1%
Holandia Urk
1%
Rosja Dzierżyńsk
0%
Bośnia i Hercegowina Gornja Maoca
0%
Finlandia Kouvola
0%
Czechy Louny
0%
Niemcy Ludwigshafen
0%
Malta Paceville
0%
Białoruś Świetłogorsk
0%
Rumunia Vaslui
0%
Nie znaleziono quizów pasujących do podanych kryteriów
Rozkład punktacji
Procent ludzi z każdym wynikiem
Percentyl według liczby udzielonych odpowiedzi
Twoja historia wyników
Nie rozwiązałeś tego quizu od ostatniego zresetowania